State laws relating to education, (Record no. 20284)

MARC details
000 -LEADER
fixed length control field 01079cam a22002411 4500
001 - CONTROL NUMBER
control field e 19000118
003 - CONTROL NUMBER IDENTIFIER
control field DLC
005 - DATE AND TIME OF LATEST TRANSACTION
control field 20260227111210.0
008 - FIXED-LENGTH DATA ELEMENTS--GENERAL INFORMATION
fixed length control field 850401s1919 dcu f000 0 eng c
010 ## - LIBRARY OF CONGRESS CONTROL NUMBER
LC control number e 19000118
035 ## - SYSTEM CONTROL NUMBER
System control number (OCoLC)11869491
040 ## - CATALOGING SOURCE
Original cataloging agency Library, U.S. Bur. of Education
Transcribing agency NhD
Modifying agency DLC
042 ## - AUTHENTICATION CODE
Authentication code premarc
050 00 - LIBRARY OF CONGRESS CALL NUMBER
Classification number L111
Item number .A6 1918, no. 23
100 1# - MAIN ENTRY--PERSONAL NAME
Personal name Hood, William R.
Fuller form of name (William Ross),
Dates associated with a name 1874-
245 10 - TITLE STATEMENT
Title State laws relating to education,
Remainder of title enacted in 1915, 1916, and 1917,
Statement of responsibility, etc. comp. by William R. Hood, Division of School Administration, Bureau of Education ...
260 ## - PUBLICATION, DISTRIBUTION, ETC.
Place of publication, distribution, etc. Washington,
Name of publisher, distributor, etc. Govt. Print. Off.,
Date of publication, distribution, etc. 1919.
300 ## - PHYSICAL DESCRIPTION
Extent 259 p.
Dimensions 23 cm.
490 0# - SERIES STATEMENT
Series statement [United States] Bureau of Education. Bulletin,
Volume/sequential designation 1918, no. 23
500 ## - GENERAL NOTE
General note At head of title: ... Department of the Interior ...
501 ## - WITH NOTE
With note Copy 1 with: Instruction in journalism in institutions of higher education / James Melvin Lee. Washington : Govt. Print. Off., 1918. Bound together subsequent to publication.
Institution to which field applies DLC
650 #0 - SUBJECT ADDED ENTRY--TOPICAL TERM
Topical term or geographic name entry element Educational law and legislation
Geographic subdivision United States.

No items available.

Powered by Koha